=LDR 00000nam 2200000 4500 =001 INLIS000000000024691 =990 ##$$a 20614799 =005 20240327111549 =035 ##$$a 0010-061300000024691 =008 240327################g##########0#ind## =041 ##$$a ind =082 ##$$a 590.04 =090 ##$$a 590.04, PAR s =100 ##$$a Parker, Steve =245 1#$$a Seri pustaka sains, Hewan Liar /$c Steve Parker =260 ##$$a 2005 :$b Bandung,$c 2004 =300 ##$$a 35 hlm., ilus., 27 cm : $b Ilus ; $c 28 cm =650 #4$$a Hewan Liar =700 #$$a Setyawan, andri =850 ##$$a NBPNMAT =020 ##$$a 1842362860 =084 ##$$a 590.04 PAR s =250 ##$$a Cet. 1 =990 ##$$a 18161816 =990 ##$$a 20614799